Кинофильмы по их аннотациям 3 - Statistics

General Stats
  • This quiz has been taken 21 times
  • The average score is 7 of 30
Answer Stats
Аннотация Фильм % Correct
В будущем космический десант хочет оккупировать планету, населённую разумными синекожими высокими существами, способными буквально соединяться с природой и чувствовать её Аватар
53%
Мужчина жестоко мстит обидчикам за своего убитого щенка Джон Уик
47%
Вышедшая в тираж кино-красотка, дабы вернуть себе молодость, соглашается на медикаментозный эксперимент с собственным стареющим телом, периодически преображаясь молодой, подтянутой и гибкой девушкой, буквально вылезающей из-под её старого тела Субстанция
47%
На улицах по всему миру на людей стаями начинают агрессивно нападать чайки и иные пернатые Птицы
41%
Советский изобретатель видит в журнале фотографию миловидного мальчика и создаёт по этому образу его точную копию-андроида, которую затем хотят выкрасть преступники Приключения Электроника
41%
История успеха уже классической на сегодняшний день английской рок-группы с её невероятно харизматичным фронтменом, пробившимся на музыкальный Олимп даже с выпирающими вперёд верхними зубами Богемская рапсодия
41%
Два советских пенсионера с надёжным алиби начинают красть картины из государственного музея Старики-разбойники
35%
Группа русских мужиков едет развеяться и пострелять дичь на природе на границу с Финляндией в компании парня-финна и местного егеря Особенности национальной охоты
35%
Девочку подростка во снах преследует маньяк-садовник с обезображенным лицом, носящий на правой руке перчатку с пальцами-лезвиями Кошмар на улице Вязов
35%
Подростки находят настольную игру, события которой начинают воспроизводиться в окружающей их реальности Джуманджи
35%
Крайне малочисленный отряд суровых античных воинов отправляется в военный поход против царя Ксеркса 300 спартанцев
35%
В современность прибывают два ангела смерти без крыльев с апокалиптической миссией, в ходе которой они должны встретить живое воплощение господа, и противостоять им будет команда из случайной американки, темнокожего бездомного, эксцентричного маргинала и его тихого друга Догма
24%
Отец-еврей в нацистском концлагере, дабы не травмировать психику своего сына в раннем возрасте, говорит, что всё, что их сейчас окружает - не по-настоящему, и все вокруг актёры, играющие свои роли Жизнь прекрасна
24%
Ловкий мошенник по своей схеме бюрократических лазеек летает международными рейсами бесплатно от имени подставных лиц Поймай меня, если сможешь
24%
Актёров военных боевиков обманом затащили в реальную горячую точку Гром в тропиках
18%
Более чем богемная жизнь одного из гениальнейших композиторов всех времён быстро идёт под откос из-за смертельной болезни Амадей
18%
Отец и маленький сын путешествуют по суровым пост-апокалиптичным Штатам Дорога
18%
Проходящие по электронным сетям сигналы оказываются футуристичными мотогонщиками, устраивающими друг с другом гонки Трон
18%
Мейнстримный актёр вестернов и его друг-дублёр переживают чёрную полосу в своей кино-карьере на фоне того, что в округе богемного для данной индустрии района орудует новая опасная агрессивная молодёжная группировка Однажды в Голливуде
18%
Парень изо всех сил пытается забыть бывшую девушку, с которой встречался полтора года 500 дней лета
18%
Войска антигитлеровской коалиции отчаянно обороняются в прибрежном городе близ Ламанша, уповая на обещанную им в неопределённый срок поддержку с воздуха Дюнкерк
12%
Живущие в погрязшем в криминале городе неразлучные родные братья решают вершить самосуд над преступниками и клятвенно делают себе татуировки на правых ладонях в виде латинских надписей "Истина" и "Справедливость" Святые из Бундока
12%
Мужчина погружается в воспоминания о своих ранних годах, замечая поразительное сходство своей судьбы с отцовской, хоть он того мало видел, и какую большую роль в его жизни сыграла мать Зеркало
6%
В небольшой американский провинциальный городок возвращаются ветераны Вьетнамской войны славянского происхождения, вызволенные из плена Вьетконга, и пытаются перебороть своё ПТСР Охотник на оленей
6%
С одним американским семьянином под Рождество случается большое несчастье, и он клянёт себя так, будто бы лучше ему было не рождаться вовсе, и перед ним возникает фигура волшебника, показывающего ему мир, в котором его никогда не существовало Эта замечательная жизнь
6%
Рыцарь северных земель, войско которого потерпело сокрушительное поражение, теперь бесцельно скитается по миру вместе со своим оруженосцем, встретив на своём пути неудачливых бродячих циркачей и саму смерть, которой он выиграл в шахматы, и та дала ему шанс избежать своей гибели Седьмая печать
6%
Провинциальный американский режиссёр театра получает престижную весомую стипендию за постановку, но на фоне неурядиц в повседневной жизни испытывает эксзистенциальный кризис, в итоге решившись поехать в один из крупнейших городов, дабы превратить свои переживания в грандиозный объект искусства Синекдоха Нью-Йорка
6%
Советский инженер просыпается с дикого похмелья в своей разнесённой в хлам квартире и пытается вспомнить события последнего времени - как он вообще дошёл до жизни такой Отпуск в сентябре
0%
Мошенник-гомосексуал наживается на рынке недвижимости, ведя при этом двойную жизнь: для знакомых он - примерный семьянин Я люблю тебя, Филипп Моррис
0%
Библейские волхвы неправильно ориентируются по Вифлеемской звезде и находят не тот дом, в результате чего пророком становится не Иисус Христос, а случайный иудей Житие Брайана
0%
No matching quizzes found
Score Distribution
Percent of People with Each Score
Percentile by Number Answered
Your Score History
You have not taken this quiz